Free will and God's universal causality: the dual sources account
God: universal cause and cause of human actions -- Divine universal causality and the threat of occasionalism -- Free creatures of the universal cause -- The extrinsic model defended -- Does God cause sin? -- The problem of moral evil -- Providence, grace, and predestination.
| Main Author: | |
|---|---|
| Format: | Print Book |
| Language: | English |
| Subito Delivery Service: | Order now. |
| Check availability: | HBZ Gateway |
| WorldCat: | WorldCat |
| Interlibrary Loan: | Interlibrary Loan for the Fachinformationsdienste (Specialized Information Services in Germany) |
| Published: |
London New York Oxford New Delhi Sydney
Bloomsbury Academic
2019
|
| In: | Year: 2019 |
| Series/Journal: | Bloomsbury studies in philosophy of religion
|
| Standardized Subjects / Keyword chains: | B
Christianity
/ Freedom of choice
/ Free will
/ Causality
|
| Further subjects: | B
Theism
B Causation B Free will and determinism B Teleology B Free will and determinism Religious aspects Christianity |
| Online Access: |
Table of Contents Blurb Literaturverzeichnis |
MARC
| LEADER | 00000cam a2200000 c 4500 | ||
|---|---|---|---|
| 001 | 166438488X | ||
| 003 | DE-627 | ||
| 005 | 20251225214229.0 | ||
| 007 | tu | ||
| 008 | 190430s2019 xxk||||| 00| ||eng c | ||
| 010 | |a 2018050930 | ||
| 020 | |a 9781350082908 |c hardback |9 978-1-350-08290-8 | ||
| 035 | |a (DE-627)166438488X | ||
| 035 | |a (DE-599)KXP166438488X | ||
| 035 | |a (OCoLC)1104500979 | ||
| 040 | |a DE-627 |b ger |c DE-627 |e rda | ||
| 041 | |a eng | ||
| 044 | |c XA-GB |c XD-US |c XB-IN |c XE-AU | ||
| 050 | 0 | |a BJ1461 | |
| 082 | 0 | |a 123/.5 |q LOC | |
| 084 | |a 1 |a 0 |2 ssgn | ||
| 084 | |a CC 7220 |2 rvk |0 (DE-625)rvk/17673: | ||
| 084 | |a 08.37 |2 bkl | ||
| 084 | |a 11.62 |2 bkl | ||
| 100 | 1 | |e VerfasserIn |0 (DE-588)1216956855 |0 (DE-627)1728595495 |4 aut |a Grant, W. Matthews | |
| 109 | |a Grant, W. Matthews |a Grant, Walter Matthews | ||
| 245 | 1 | 0 | |a Free will and God's universal causality |b the dual sources account |c W. Matthews Grant |
| 264 | 1 | |a London |a New York |a Oxford |a New Delhi |a Sydney |b Bloomsbury Academic |c 2019 | |
| 300 | |a viii, 248 Seiten | ||
| 336 | |a Text |b txt |2 rdacontent | ||
| 337 | |a ohne Hilfsmittel zu benutzen |b n |2 rdamedia | ||
| 338 | |a Band |b nc |2 rdacarrier | ||
| 490 | 0 | |a Bloomsbury studies in philosophy of religion | |
| 500 | |a Literaturverzeichnis: Seite 231-242 und Index | ||
| 520 | |a God: universal cause and cause of human actions -- Divine universal causality and the threat of occasionalism -- Free creatures of the universal cause -- The extrinsic model defended -- Does God cause sin? -- The problem of moral evil -- Providence, grace, and predestination. | ||
| 583 | 1 | |a Archivierung/Langzeitarchivierung gewährleistet |f SSG |x XA-DE-BW |2 pdager |5 DE-21 | |
| 601 | |a Université | ||
| 650 | 0 | |a Free will and determinism | |
| 650 | 0 | |a Causation | |
| 650 | 0 | |a Theism | |
| 650 | 0 | |a Teleology | |
| 650 | 0 | |a Free will and determinism |x Religious aspects |x Christianity | |
| 689 | 0 | 0 | |d s |0 (DE-588)4010074-1 |0 (DE-627)104493933 |0 (DE-576)20888579X |2 gnd |a Christentum |
| 689 | 0 | 1 | |d s |0 (DE-588)4152403-2 |0 (DE-627)105538485 |0 (DE-576)209795255 |2 gnd |a Entscheidungsfreiheit |
| 689 | 0 | 2 | |d s |0 (DE-588)4079320-5 |0 (DE-627)106074733 |0 (DE-576)209212098 |2 gnd |a Willensfreiheit |
| 689 | 0 | 3 | |d s |0 (DE-588)4030102-3 |0 (DE-627)106271709 |0 (DE-576)208985654 |2 gnd |a Kausalität |
| 689 | 0 | |5 (DE-627) | |
| 776 | 1 | |z 9781350082915 |c ePDF | |
| 776 | 1 | |z 9781350082922 |c e-Book | |
| 856 | 4 | 2 | |u https://swbplus.bsz-bw.de/bsz166438488Xinh.htm |m V:DE-576;B:DE-21 |q application/pdf |v 20190712154534 |3 Inhaltsverzeichnis |7 1 |
| 856 | 4 | 2 | |u https://swbplus.bsz-bw.de/bsz166438488Xkla.htm |m V:DE-576;B:DE-21 |q application/pdf |v 20190712154534 |3 Klappentext |7 1 |
| 856 | 4 | 2 | |u https://swbplus.bsz-bw.de/bsz166438488Xref.htm |m V:DE-576 |m B:DE-21 |v 20220430193354 |3 Literaturverzeichnis |7 1 |
| 936 | r | v | |a CC 7220 |b Freiheit, Wille |k Philosophie |k Systematische Philosophie |k Ethik |k Freiheit, Wille |0 (DE-627)1270639080 |0 (DE-625)rvk/17673: |0 (DE-576)200639080 |
| 936 | b | k | |a 08.37 |j Religionsphilosophie |q SEPA |0 (DE-627)106405578 |
| 936 | b | k | |a 11.62 |j Christliche Ethik |x Religionswissenschaft |q SEPA |0 (DE-627)10640380X |
| 951 | |a BO | ||
| ELC | |b 1 | ||
| ITA | |a 1 |t 1 | ||
| LOK | |0 000 xxxxxcx a22 zn 4500 | ||
| LOK | |0 001 347200875X | ||
| LOK | |0 003 DE-627 | ||
| LOK | |0 004 166438488X | ||
| LOK | |0 005 20190614100338 | ||
| LOK | |0 008 190507||||||||||||||||ger||||||| | ||
| LOK | |0 040 |a DE-21 |c DE-627 |d DE-21 | ||
| LOK | |0 852 |a DE-21 | ||
| LOK | |0 852 1 |c 59 A 3939 |9 00 | ||
| LOK | |0 935 |a theo | ||
| LOK | |0 936ln |a t5 | ||
| LOK | |0 938 |a 1906 |f 2 | ||
| LOK | |0 939 |a 07-05-19 |b l01 | ||
| ORI | |a SA-MARC-ixtheoa001.raw | ||
| REL | |a 1 | ||
| STA | 0 | 0 | |a Causality,Causal principle,Causation (Criminal law),Christianity,Christian world view,World view,Christian ideology,Free will,Free will,Will,Freedom of the will,Free agency,Freedom of choice |
| STB | 0 | 0 | |a Causalité (droit pénal),Causalité,Christianisme,Christianisme,Liberté de décision,Liberté de choix,Liberté de choix,Libre arbitre,Libre arbitre |
| STC | 0 | 0 | |a Causalidad,Causalidad,Cristianismo,Cristianismo,Cristiandad,Cristiandad,Cristiandad (Motivo),Cristiandad,Libre albedrío,Libre albedrío,Libre elección |
| STD | 0 | 0 | |a Causalità,Cristianesimo,Cristianesimo,Libero arbitrio,Libero arbitrio,Libertà di scelta |
| STE | 0 | 0 | |a 因果关系,因果性,基督教,基督教,基督教世界观,自由意志,自由意志,意志自由,意志自由,选择权,选择的自由 |
| STF | 0 | 0 | |a 因果關係,因果性,基督教,基督教,基督教世界觀,自由意志,自由意志,意志自由,意志自由,選擇權,選擇的自由 |
| STG | 0 | 0 | |a Causalidade,Cristianismo,Cristianismo,Cristandade,Cristandade,Cristandade (Motivo),Cristandade,Livre arbítrio,Livre arbítrio,Livre escolha |
| STH | 0 | 0 | |a Казуальность,Свобода воли (мотив),Свобода воли,Свобода решения,Христианство (мотив),Христианство |
| STI | 0 | 0 | |a Αιτιότητα,Ελευθερία επιλογής,Ελεύθερη βούληση <μοτίβο>,Ελεύθερη βούληση,Ελεύθερη θέληση,Ελεύθερη θέληση (μοτίβο),Χριστιανισμός (μοτίβο),Χριστιανισμός |
| SUB | |a REL | ||
| SYG | 0 | 0 | |a Christianity,Christliche Mission,Missionierung,Christenheit,Christianitas,Christliche Religion,Christliche Weltanschauung , Entscheidungsfreiheit,Freier Wille,Moralische Freiheit , Kausalprinzip,Notwendige Verknüpfung,Notwendiger Zusammenhang,Kausalzusammenhang,Kausalgesetz |



